00000000cam 2200000zi 4500
0019.960176
003CaOODSP
00520260511100916
006m     o  d f      
007cr |||||||||||
008260219t20262026oncd    ob   f000 0 eng d
020 |a9780660985374
040 |aCaOODSP|beng|erda|cCaOODSP
043 |an-cn---
0861 |aBT48-59/2026E-PDF
24500|aIndependent review of the policy on service and digital : |bfinal report / |cprepared for the Treasury Board of Canada Secretariat.
264 1|a[Ottawa] : |bTreasury Board of Canada Secretariat = Secrétariat du Conseil du trésor du Canada, |c[2026]
264 4|c©2026
300 |a1 online resource (34 pages) : |bcharts
336 |atext|btxt|2rdacontent
337 |acomputer|bc|2rdamedia
338 |aonline resource|bcr|2rdacarrier
500 |aTitle from cover.
500 |aIssued also in French under title: Examen indépendant sur la politique sur les services et le numérique : rapport final.
500 |a"Unclassified."
500 |a"Supplier: Goss Gilroy Inc."
500 |a"Contract number: 24062-26-056."
504 |aIncludes bibliographical references.
650 0|aInformation technology|xGovernment policy|zCanada.
650 0|aDigital communications|xGovernment policy|zCanada.
650 0|aInternet in public administration|zCanada.
651 0|aCanada|xInformation services.
7101 |aCanada. |bTreasury Board, |eissuing body.
7102 |aGoss Gilroy Inc., |econsultant.
77508|tExamen indépendant sur la politique sur les services et le numérique : |w(CaOODSP)9.960178
85640|qPDF|s423 KB|uhttps://publications.gc.ca/collections/collection_2026/sct-tbs/BT48-59-2026-eng.pdf